000 01227nam a22002177a 4500
999 _c64173
_d64173
003 Ge_BSU
005 20260424144547.0
008 260424s1985 ge ||||| |||| 00| 0 geo d
041 _ageo
080 _a658.5 :005.93 პ-18
100 _aპაპავა, გ.ვ.
_927357
245 _aსამრეწველო საწარმოს ორგანიზაცია, დაგეგმვა და მართვა :
_b [სახელმძღვ. უმაღლ. სასწ. სტუდენტებისათვის] /
_cგ.ვ. პაპავა ; რედ. ი. ბაქრაძე.
264 _aთბილისი :
_bგანათლება,
_c1985.
300 _a703 გვ. :
_bილ. ;
_c22 სმ.
653 _aსამრეწველო საწარმოს ორგანიზაცია
653 _aსამრეწველო საწარმოს მართვა
653 _aსამრეწველო საწარმოს დაგეგმვა
700 _aპაპავა, ვ.გ.
_e ავტორი
_927358
700 _aბაქრაძე, ი.
_eრედაქტორი
_93093
942 _2udc
_cᲬᲘᲒᲜᲘ